Analýza zložitosti textového obsahu vo webovom prostredí

Enregistré dans:
Détails bibliographiques
Auteur principal: Štrbák, Martin (Auteur)
Autres auteurs: Šimko, Marián (Directeur de thèse)
Format: Manuscrit Livre
Langue:slovaque
Publié: 2017
Sujets:
Accès en ligne:http://is.stuba.sk/zp/portal_zp.pl?podrobnosti=127006
Tags: Ajouter un tag
Pas de tags, Soyez le premier à ajouter un tag!

MARC

LEADER 00000ntm a22000003a 4500
001 stuzp64623
003 SK-STU
005 20170624213657.8
007 ta
008 150427s2015----xo-----f-mn---000-0-slo-d
040 |a STU  |b slo 
041 0 |a slo 
100 1 |a Štrbák, Martin  |u 070200  |4 aut  |U FIIT Fakulta informatiky a informačných technológií  |T FIIT Ústav informatiky, informačných systémov a softvérového inžinierstva  |X 82024  |U I200  |Y 179  |7 82024 
242 0 1 |a Analysis of reading difficulty in web environment  |y eng 
245 1 0 |a Analýza zložitosti textového obsahu vo webovom prostredí 
260 |c 2017 
650 4 |a modelovanie používateľa  |2 slo 
650 4 |a analýza textu  |2 slo 
650 4 |a eeg  |2 slo 
650 4 |a user modelling  |2 eng 
650 4 |a text analysis  |2 eng 
650 4 |a eeg  |2 eng 
700 1 |a Šimko, Marián  |u 070200  |k Z1  |4 ths  |U FIIT Fakulta informatiky a informačných technológií  |T FIIT Ústav informatiky, informačných systémov a softvérového inžinierstva  |X 30649  |U I200  |Y 179  |7 30649 
856 4 |u http://is.stuba.sk/zp/portal_zp.pl?podrobnosti=127006 
996 |b 11208  |c I* DP119/17  |l II680  |s P  |a 0  |w stuzp64623_0001